Being a Leader / (Record no. 203)

MARC details
000 -LEADER
fixed length control field 00534nam a2200181Ia 4500
003 - CONTROL NUMBER IDENTIFIER
control field OSt
005 - DATE AND TIME OF LATEST TRANSACTION
control field 20241126110332.0
008 - FIXED-LENGTH DATA ELEMENTS--GENERAL INFORMATION
fixed length control field 160606b xxu||||| |||| 00| 0 eng d
040 ## - CATALOGING SOURCE
Transcribing agency gbc
082 ## - DEWEY DECIMAL CLASSIFICATION NUMBER
Classification number 262.1
Item number DSO
100 ## - MAIN ENTRY--PERSONAL NAME
Personal name D'Souza, Anthony
9 (RLIN) 7047
245 ## - TITLE STATEMENT
Title Being a Leader /
Statement of responsibility, etc. Anthony D'Souza
260 ## - PUBLICATION, DISTRIBUTION, ETC.
Name of publisher, distributor, etc. Haggai Institute,
Place of publication, distribution, etc. Singapore:
Date of publication, distribution, etc. 1985
300 ## - PHYSICAL DESCRIPTION
Extent 197p.;
Other physical details ill.,
Dimensions 20 cm.
501 ## - WITH NOTE
With note This is the first book in Fr. D'Souza's trilogy on Christian Leadership.
650 ## - SUBJECT ADDED ENTRY--TOPICAL TERM
Topical term or geographic name entry element Christian Leadership
9 (RLIN) 1568
942 ## - ADDED ENTRY ELEMENTS (KOHA)
Source of classification or shelving scheme Dewey Decimal Classification
Koha item type Books
Koha issues (borrowed), all copies 4
Holdings
Withdrawn status Lost status Source of classification or shelving scheme Damaged status Not for loan Home library Current Library Shelving location Date acquired Total checkouts Full call number Barcode Date last seen Copy number Price effective from Koha item type Total renewals Date last checked out
    Dewey Decimal Classification     GRACE BIBLE COLLEGE GRACE BIBLE COLLEGE Ministry & Mission 2016-06-06   262.1 DSO 001352 2025-05-01 c.1 2016-06-06 Books    
    Dewey Decimal Classification     GRACE BIBLE COLLEGE GRACE BIBLE COLLEGE Ministry & Mission 2017-11-28 2 262.1 DSO 001355 2025-05-01 c.3 2017-11-28 Books 1 2022-11-04
    Dewey Decimal Classification     GRACE BIBLE COLLEGE GRACE BIBLE COLLEGE Ministry & Mission 2017-11-28 2 262.1 DSO 001354 2025-05-01 c.2 2017-11-28 Books   2024-02-19
© Grace Bible College Library 2025